000 00846nam a22002177a 4500
003 OSt
005 20260530115321.0
008 260520b |||||||| |||| 00| 0 eng d
040 _aICI
_bspa
_cICI
050 4 _aNE544.5
_bA77
245 _aArte, billete, maculatura, refines, diseño, libro de artista
_ccoordinación editorial Norma Rajz Mendoza
260 _aCiudad de México
_bBanco de México
_c2018
300 _a231 páginas :
_bilustraciones a color
650 4 _aEstampados
_vExposiciones
_zCiudad de México
_934435
650 4 _aGrabado mexicano
_vExposiciones
_ySiglo XXI
_934436
650 4 _aArte moderno
_vCatálogos
_ySiglo XXI
_zMéxico
_934437
650 4 _aLibros de artistas
_vCatálogos
_zMéxico
_934438
700 1 _aRajz Mendoza, Norma,
_eeditor
_934439
710 2 _aBanco de México,
_eentidad patrocinadora
942 _2lcc
_cBK
_n1
999 _c13795
_d13795